Frontières de la République du Congo. - Statistiques

Statistiques générales
  • Ce quiz a été pris 402 fois
  • Le résultat moyen est 5 sur 5
Statistiques - réponses
Longueur Pays frontalier % Correct
2410 km Rép.Dém du Congo
97%
1903 km Gabon
92%
467 km République centrafricaine
91%
201 km Angola
90%
523 km Cameroun
89%
Aucun quiz correspondant
Distribution des résultats
% des personnes avec chaque résultat
Percentile par nombre de réponses
Votre historique - résultats
Vous n’avez pas pris ce quiz